000 00449nam a22002057a 4500
003 OSt
005 20241024162235.0
008 241024b |||||||| |||| 00| 0 eng d
040 _cMRSPTU
041 _aENG
082 _a631.584
_bAU-O
100 _aAulakh, C.S.
245 _aOrganic Farming
250 _a3rd Ed.
260 _aLudhiana
_bPAU
_c2023
300 _a67
650 _aAgriculture
700 _aWalia, S.S.
942 _2ddc
_cBK
_n0
999 _c10378
_d10378